Between friends: discourses of power and desire in the Machiavelli-Vettori letters of 1513-1515
Between Friends offers the first extended close reading of the most famous epistolary dialogue of the Renaissance, the letters exchanged from 1513 to 1515 by Niccolo Machiavelli and Francesco Vettori. John Najemy reveals the literary richness and theoretical tensions of the correspondence, the cruci...
MARC
| LEADER | 00000cam a22000002c 4500 | ||
|---|---|---|---|
| 001 | 1888676272 | ||
| 003 | DE-627 | ||
| 005 | 20251227180120.0 | ||
| 007 | cr uuu---uuuuu | ||
| 008 | 240515s2019 xxu|||||o 00| ||eng c | ||
| 020 | |a 9780691194615 |c electronic bk. |9 978-0-691-19461-5 | ||
| 020 | |a 0691194610 |c electronic bk. |9 0-691-19461-0 | ||
| 020 | |a 9780691655222 |9 978-0-691-65522-2 | ||
| 020 | |a 0691655227 |c Trade Paper |9 0-691-65522-7 | ||
| 035 | |a (DE-627)1888676272 | ||
| 035 | |a (DE-599)KEP103232168 | ||
| 035 | |a (MiAaJST)j.ctv8pzb4k | ||
| 035 | |a (DE-627-1)103232168 | ||
| 040 | |a DE-627 |b ger |c DE-627 |e rda | ||
| 041 | |a eng | ||
| 044 | |c XD-US | ||
| 050 | 0 | |a DG738.14.M2 | |
| 072 | 7 | |a POL 032000 |2 bisacsh | |
| 072 | 7 | |a POL 040000 |2 bisacsh | |
| 072 | 7 | |a POL 030000 |2 bisacsh | |
| 072 | 7 | |a POL 018000 |2 bisacsh | |
| 072 | 7 | |a HIS 037020 |2 bisacsh | |
| 082 | 0 | |a 320.1/092 |2 23 | |
| 084 | |a 1 |2 ssgn | ||
| 084 | |a NN 1622 |q SEPA |2 rvk |0 (DE-625)rvk/126577: | ||
| 100 | 1 | |e VerfasserIn |0 (DE-588)132348209 |0 (DE-627)521534100 |0 (DE-576)162342470 |4 aut |a Najemy, John M. |d 1943- | |
| 109 | |a Najemy, John M. 1943- | ||
| 245 | 1 | 0 | |a Between friends |b discourses of power and desire in the Machiavelli-Vettori letters of 1513-1515 |c John M. Najemy |
| 264 | 1 | |a Princeton, New Jersey |b Princeton University Press |c 2019 | |
| 300 | |a 1 Online-Ressource | ||
| 336 | |a Text |b txt |2 rdacontent | ||
| 337 | |a Computermedien |b c |2 rdamedia | ||
| 338 | |a Online-Ressource |b cr |2 rdacarrier | ||
| 490 | 0 | |a Princeton legacy library |v 5274 | |
| 500 | |a Includes bibliographical references and index | ||
| 505 | 8 | |a Introduction: the letters in Machiavelli studies -- Renaissance epistolarity -- The social worlds of Florentine letter writing -- Petrarch and the ancients -- Humanists and their letter collections -- Letters and literature -- Manuals and theory -- Contexts personal and political -- The secretary and his letters -- Francesco Vettori -- Friendship and politics in the republic's crisis -- "Formerly secretary" -- "Discorsi et concetti" in exile -- "A spirited maker of beginnings" -- Speaking like Romans -- "Some of it we just imagine" -- "Naturale affectione o passione" -- The Swiss and "the sweetness of domination" -- The invention of redemptive virtu -- The Prince "Addressed" to Francesco Vettori -- What text did Vettori see? -- "Verita effettuale" and "Imaginazione" -- Security and Power -- Intelligibility, Power, Love -- Geta and the "Antiqui Huomini" (The Letter of 10 December 1513) 215 "Sed fatis trahimur" -- Maestro Geta and his new "Scienza" -- "Tucto mi transferisco in loro" -- "A ridiculous metamorphosis" -- "What kinds of writers could not be criticized?" -- As worthy of being recited to a prince as anything I have heard this year" -- Desire in the text -- "After a thousand years" -- "These princes are men like you and me" -- "To me alone Troy remains" -- "To enlist you again in the old game" -- Poetry and politics -- Corydon in San Casciano -- Metamorphosis in the text -- Epilogue: the poets of the discourses. | |
| 520 | |a Between Friends offers the first extended close reading of the most famous epistolary dialogue of the Renaissance, the letters exchanged from 1513 to 1515 by Niccolo Machiavelli and Francesco Vettori. John Najemy reveals the literary richness and theoretical tensions of the correspondence, the crucial importance of the dialogue with Vettori in Machiavelli's emergence as a writer and political theorist, and the close but complex relationship between the letters and Machiavelli's major works on politics. Unlike previous and mostly fragmentary treatments of the correspondence, this book reads the letters as a continuously developing, collaborative text in which problems of language and interpretation gradually emerge as the critical issues. Najemy argues that Vettori's skeptical reaction to Machiavelli's first letters on politics and provoked Machiavelli into a defense of language's power to represent the world, a notion that soon become the underlying assumption of The Prince. Later, and largely through an apparently whimsical exchange of letters on love and the foibles of eros, Vettori led Machiavelli to confront the power of desire in language, which opened the way for a different, essentially poetic, approach to writing about politics that surfaces for the first time in the pages of the Discourses on Livy. John M. Najemy is Professor of History at Cornell University. He is the author of Corporatism and Consensus in Florentine Electoral Politics, 1280-1400 (North Carolina). Originally published in 1993. The Princeton Legacy Library uses the latest print-on-demand technology to again make available previously out-of-print books from the distinguished backlist of Princeton University Press. These editions preserve the original texts of these important books while presenting them in durable paperback and hardcover editions. The goal of the Princeton Legacy Library is to vastly increase access to the rich scholarly heritage found in the thousands of books published by Princeton University Press since its founding in 1905 | ||
| 600 | 1 | 0 | |a Machiavelli, Niccolò |d 1469-1527 |v Correspondence |
| 600 | 1 | 0 | |a Vettori, Francesco |d 1474-1539 |v Correspondence |
| 600 | 1 | 4 | |a Machiavelli, Niccolò - 1469-1527 |
| 600 | 1 | 4 | |a Vettori, Francesco - 1474-1539 |
| 648 | 4 | |a 1268-1559 | |
| 650 | 4 | |a POLITICAL SCIENCE - Essays | |
| 650 | 4 | |a POLITICAL SCIENCE - Government - General | |
| 650 | 4 | |a POLITICAL SCIENCE - Government - National | |
| 650 | 4 | |a POLITICAL SCIENCE - Reference | |
| 650 | 4 | |a HISTORY - Renaissance | |
| 650 | 4 | |a Intellectual life | |
| 650 | 4 | |a Personal Correspondence | |
| 651 | 0 | |a Italy |x Intellectual life |y 1268-1559 | |
| 651 | 4 | |a Italie - Vie intellectuelle - 1268-1559 | |
| 651 | 4 | |a Italy | |
| 655 | 7 | |a Briefsammlung |y 1513-1515 |0 (DE-588)4146609-3 |0 (DE-627)104269936 |0 (DE-576)209750472 |2 gnd-content | |
| 689 | 0 | 0 | |d s |0 (DE-588)4144301-9 |0 (DE-627)105599344 |0 (DE-576)209733055 |2 gnd |a Begierde |
| 689 | 0 | |5 (DE-627) | |
| 689 | 1 | 0 | |d p |0 (DE-588)118539507 |0 (DE-627)079338933 |0 (DE-576)161119867 |2 gnd |a Girard, René |d 1923-2015 |
| 689 | 1 | |5 (DE-627) | |
| 776 | 0 | 8 | |i Erscheint auch als |n Druck-Ausgabe |a Najemy, John M., 1943 - |t Between friends |d Princeton, N.J : Princeton University Press, 1993 |h xii, 358 Seiten |w (DE-627)1913245497 |z 0691032629 |z 9780691032627 |k Non-Electronic |
| 856 | 4 | 0 | |u https://www.jstor.org/stable/10.2307/j.ctv8pzb4k |m X:JSTOR |x Verlag |z lizenzpflichtig |7 1 |
| 912 | |a EBS-39-JBK | ||
| 935 | |a GIRA | ||
| 936 | r | v | |a NN 1622 |b Machiavelli, Niccolò |k Geschichte |k Neuere Geschichte |k Zeitalter der Entdeckungen und der Glaubensspaltung (bis 1648) |k Renaissance und Humanismus |k Italien |k Persönlichkeiten |k Einzelne Persönlichkeiten (Quellen, Darstellungen, Werke) |k Machiavelli, Niccolò |0 (DE-627)1271464969 |0 (DE-625)rvk/126577: |0 (DE-576)201464969 |
| 951 | |a BO | ||
| ELC | |a 1 | ||
| LOK | |0 000 xxxxxcx a22 zn 4500 | ||
| LOK | |0 001 4639407432 | ||
| LOK | |0 003 DE-627 | ||
| LOK | |0 004 1888676272 | ||
| LOK | |0 005 20241221185747 | ||
| LOK | |0 008 241221||||||||||||||||ger||||||| | ||
| LOK | |0 040 |a DE-Tue135-1 |c DE-627 |d DE-Tue135-1 | ||
| LOK | |0 852 |a DE-Tue135-1 | ||
| LOK | |0 852 1 |m p |9 00 | ||
| LOK | |0 866 |x Bibliography 48 | ||
| LOK | |0 935 |a inmo | ||
| LOK | |0 938 |k p | ||
| LOK | |0 939 |a 21-12-24 |b l01 | ||
| ORI | |a SA-MARC-ixtheoa001.raw | ||
| REL | |a 1 | ||
| STA | 0 | 0 | |a Desire,Desire,Craving |
| STB | 0 | 0 | |a Désir,Désir |
| STC | 0 | 0 | |a Deseo,Deseo |
| STD | 0 | 0 | |a Desiderio <motivo>,Desiderio,Concupiscenza,Concupiscenza,Concupiscenza (motivo),Concupiscenza |
| STE | 0 | 0 | |a 欲望,欲望 |
| STF | 0 | 0 | |a 慾望,慾望 |
| STG | 0 | 0 | |a Desejo,Desejo |
| STH | 0 | 0 | |a Страстное желание (мотив),Страстное желание |
| STI | 0 | 0 | |a Επιθυμία <μοτίβο>,Επιθυμία,Πόθος,Πόθος (μοτίβο) |
| SUB | |a REL | ||
| SYA | 0 | 0 | |a Makiawjelli, Nikkolo,1469-1527,Макиавелли, Никколо,1469-1527,Machiavelli, Nicolò di Bernardo dei,1469-1527,Machiavelli, Nicolaus,1469-1527,Machiavelli, Nikolaus,1469-1527,Machiavelli, Nikolai,1469-1527,Machiavelli, Nicolas,1469-1527,Machiavelli,1469-1527,Macchiavelli, Nicolò,1469-1527,Machiavelli, Niccolò di,1469-1527,Macchiavelli, Nicolo,1469-1527,Macchiavelli,1469-1527,Machivael, Niccolò,1469-1527,Macchirelli, Niccolò,1469-1527,Machiavel, Nicolò,1469-1527,Machiavel, Nicolaes,1469-1527,Machiavel, Nic.,1469-1527,Macchiavel, Nicolas,1469-1527,Machiavel, Nikolaus,1469-1527,Machiavell, Nic.,1469-1527,Machiavell, Nicolaus,1469-1527,Machiavell, Nicolas,1469-1527,Machiavell, Niklas,1469-1527,Machiavelli, Niccolò di Bernardo dei,1469-1527,Macchiavelli, Nicoloò,1469-1527,Machiavegli, Nicolo,1469-1527,Niecolucci, Amadio,1469-1527,Adremelech,der Ältere,1469-1527,Machiavellus, Nicolaus,1469-1527,Macchiavelli, Niccolò,1469-1527,Machiavelle, Nicolas,1469-1527,Mekiẏābheli,1469-1527,Makjavel', Mykola,1469-1527,Makījavel', Mykola,1469-1527,Maquiavelo, Nicolas,1469-1527,Maquiavelo,1469-1527,Makijaveli, Nikolo,1469-1527,Machiavellius, Nicolaus,1469-1527,Machiavelli, Nicolai,1469-1527,Machiavelli, Nicolò,1469-1527,Macchiavelli, Nicolò di Bernardo dei,1469-1527,Macchiavelli, Nicolò dei,1469-1527,Macchiavelli, Niccolò di Bernardo dei,1469-1527,Machiavel,1469-1527,Machiavel, Niccolò,1469-1527,Machiavel, Nicolas,1469-1527,Niecollucci, Amadio,1469-1527,Macchiavellus, Nicolaus,1469-1527,Makiavelli, Nikkolo,1469-1527,Maquiavelo, Nicolás,1469-1527,Macchiavelli, Nicholo,1469-1527,Machiavel, Nicholas,1469-1527,Makiavelli, Nikolo,1469-1527,Machiavelli, Nicolò di Bernardo,1469-1527,Mākyāfīllī, Nīkūlū,1469-1527,Maḳyaṿeli, Niḳolo,1469-1527,Mva-khi-ya-wwe-li,1469-1527,Macchiavelli, Niccolo,1469-1527,Machiavelli, Niccolo,1469-1527 |
| SYG | 0 | 0 | |a Begehren,Gier , Girard, René Noël Théophile,1923-2015,Žurar, Rene,1923-2015 |
| TIM | |a 100015130101_100015151231 |b 1513 - 1515 | ||